Birth of free India's national anthem: a gift from Netaji Subhas Bose (Record no. 381784)

000 -LEADER
fixed length control field 00433cam a22001457a 4500
008 - FIXED-LENGTH DATA ELEMENTS--GENERAL INFORMATION
fixed length control field 180718b1997 xxu||||| |||| 00| 0 eng d
082 ## - DEWEY DECIMAL CLASSIFICATION NUMBER
Classification number B262 An14
100 ## - MAIN ENTRY--PERSONAL NAME
Personal name Anand, Y.P.
245 ## - TITLE STATEMENT
Title Birth of free India's national anthem: a gift from Netaji Subhas Bose
Statement of responsibility, etc. by Y.P. Anand
260 ## - PUBLICATION, DISTRIBUTION, ETC.
Place of publication, distribution, etc. New Delhi
Name of publisher, distributor, etc. National Gandhi Museum
Date of publication, distribution, etc. 1997
300 ## - PHYSICAL DESCRIPTION
Extent 48p.
650 ## - SUBJECT ADDED ENTRY--TOPICAL TERM
Topical term or geographic name entry element Nationalism.
650 ## - SUBJECT ADDED ENTRY--TOPICAL TERM
Topical term or geographic name entry element Anthems
650 ## - SUBJECT ADDED ENTRY--TOPICAL TERM
Topical term or geographic name entry element National songs - India
Holdings
Withdrawn status Lost status Damaged status Not for loan Permanent Location Current Location Date acquired Full call number Barcode Date last seen Price effective from Koha item type
        Indian Institute of Public Administration Indian Institute of Public Administration 1997-07-08 B262 An14 72148 2018-07-21 2018-07-21 Book

Powered by Koha